| 000 | 00828nmm a2200313 a 4500 | ||
|---|---|---|---|
| 003 | AR-BaBNM | ||
| 005 | 20251128205154.0 | ||
| 008 | 306119s1992 ||||||||||||||000 | spa|| | ||
| 020 | _a950-21-1051-X | ||
| 040 | _cAR-BaBNM | ||
| 100 | 1 | _aSantiago, Alberto O. | |
| 245 | 1 | 0 | _aActividades científicas |
| 250 | _a1ª ed. | ||
| 260 |
_aBuenos Aires _bPlus Ultra _c1992 |
||
| 300 | 0 |
_a68 p. _bil. |
|
| 650 | 4 | _aCIENCIA | |
| 650 | 4 | _aCLUBES | |
| 650 | 4 | _aCIENCIA Y TECNOLOGIA | |
| 650 | 4 | _aPLAN DE INVESTIGACION | |
| 651 | 4 | _aBuenos Aires [Provincia] | |
| 653 | 0 | _aEDUCACION PRIMARIA | |
| 653 | 0 | _aEDUCACION SECUNDARIA | |
| 653 | 0 | _aFERIA DE CIENCIAS | |
| 653 | 0 | _aCAMPAMENTOS EDUCATIVOS | |
| 700 | 1 | _aBazo, Raúl Horacio | |
| 700 | 1 |
_aSuárez, Silvia Cristina _eilustrador |
|
| 942 | _cBK | ||
| 998 | _cCARMEN | ||
| 999 |
_c10290 _d10290 |
||